Sports Quiz

Random Sports or Football Quiz

NAIA Football Champions Quiz Stats

 Plays Quiz not verified by Sporcle

Challenge
Share
Tweet
Embed
Score 0/46 Timer 15:00
0 Plays Today
Year Champion % Correct
2008Sioux Falls
90%
2009Sioux Falls
90%
2006Sioux Falls
89.5%
1996 d2Sioux Falls
87.5%
2000Georgetown (KY)
87.5%
2001Georgetown (KY)
87.5%
2005Carroll
87.5%
2002Carroll
87%
2003Carroll
87%
2004Carroll
87%
2007Carroll
87%
1991 d2Georgetown (KY)
82.5%
2010Carroll
81%
1983 d2Northwestern (IA)
69.5%
1993 d2Pacific Lutheran (WA)
67%
1987 d2Pacific Lutheran (WA)
66.5%
1993 d1East Central (OK)
65%
1999Northwestern Oklahoma State
59.5%
1995 d2Central Washington - Findlay (OH)
56%
1982 d2Linfield (OR)
54%
1984 d2Linfield (OR)
54%
1986 d2Linfield (OR)
54%
1989 d2Westminster (PA)
53%
Year Champion % Correct
1994 d2Westminster (PA)
53%
1984 d1Carson-Newman (TN) - Central Arkansas
52.5%
1988 d2Westminster (PA)
52.5%
1992 d2Findlay (OH)
52.5%
1997Findlay (OH)
52.5%
1983 d1Carson-Newman (TN)
51%
1986 d1Carson-Newman (TN)
51%
1988 d1Carson-Newman (TN)
51%
1989 d1Carson-Newman (TN)
51%
1990 d1Central State (OH)
50.5%
1992 d1Central State (OH)
50.5%
1995 d1Central State (OH)
50.5%
1985 d2Wisconsin-La Crosse
48.5%
1985 d1Hillsdale (MI) - Central Arkansas
44.5%
1994 d1Northeastern State (OK)
44%
1991 d1Central Arkansas
43.5%
1998Azusa Pacific (CA)
43.5%
1987 d1Cameron (OK)
39.5%
1996 d1Southwestern Oklahoma
38.5%
2011St. Xavier (IL)
37.9%
2013Grand View (IA)
37.9%
2012Marian (IN)
36.2%
1990 d2Peru State (NE)
31.5%

You're not logged in!

Compare scores with friends on all Sporcle quizzes.
OR
Log In

You Might Also Like...

Show Comments

Extras

Top Quizzes Today


Score Distribution

Your Account Isn't Verified!

In order to create a playlist on Sporcle, you need to verify the email address you used during registration. Go to your Sporcle Settings to finish the process.

Report this User

Report this user for behavior that violates our Community Guidelines.

Details: